Το Κοράνι
Saved in:
| Main Author: | |
|---|---|
| Other Authors: | |
| Format: | Book |
| Language: | Greek French |
| Published: |
Αθήνα :
Π. Τραυλός - Ε. Κωσταράκης ;
1997.
|
| Series: | Dominos
|
| Subjects: | |
| Tags: |
Add Tag
No Tags, Be the first to tag this record!
|
MARC
| LEADER | 00000cam a2200000 i 4500 | ||
|---|---|---|---|
| 001 | 1/3634 | ||
| 008 | 000522s1997 gr | ||| |||| ||gre|| | ||
| 020 | |a 9607122771 | ||
| 035 | |l 10060865 | ||
| 040 | |a GR-MyUA |b gre |e AACR2 | ||
| 041 | 1 | |a gre |h fre | |
| 082 | 0 | |a 297.122521 | |
| 100 | 1 | |a Guellouz, Azzedine. | |
| 245 | 1 | 3 | |a Το Κοράνι / |c Azzedine Guellouz ; μετάφραση Γιώργος Σπανός. |
| 260 | |a Αθήνα : |b Π. Τραυλός - Ε. Κωσταράκης ; |c 1997. | ||
| 300 | |a 127 σ. ; |c 18 εκ. | ||
| 490 | 1 | |a (Dominos) | |
| 500 | |a Τίτλος πρωτοτύπου: Le Coran. | ||
| 504 | |a Περιέχει ευρετήριο. | ||
| 630 | 0 | 0 | |a Koran. |
| 700 | 1 | |a Σπανός, Γιώργος Η. |e trl | |
| 830 | 0 | |a Dominos | |
| 852 | |a INST |b LESVOS |e 20000522 |h 297.122521 GUE |p 005100024394 |q 005100024394 |t BK |y 4 |x 20230116 | ||
| 852 | |a INST |b LESVOS |e 20230529 |h 297.122521 GUE |p 005100064542 |q 005100064542 |t BK |y 0 | ||
| 901 | |a BIBL1-2000-2 | ||
| 909 | |a Λ |b 078843 | ||
| 970 | |a ΚΑΜΑΤΣΟΥ |b ΔΕΣΠΟΙΝΑ |z 2000/05/22 | ||